Countries of the world - that have competed in the UK Open - Statistics

General Stats
  • This quiz has been taken 16 times
  • The average score is 16 of 23
Answer Stats
Continent Country % Correct
North America Canada
100%
Oceania Australia
93%
Europe Belgium
93%
Europe Germany
93%
Europe Ireland
93%
North America United States
93%
Europe Austria
80%
Europe Netherlands
80%
Europe England
73%
Europe Russia
73%
Africa South Africa
73%
Europe Spain
73%
Europe Sweden
73%
Europe Wales
73%
Europe Greece
67%
Europe Northern Ireland
67%
Europe Scotland
67%
Asia India
53%
Africa Zimbabwe
47%
Asia Hong Kong
33%
North America El Salvador
27%
Europe Gibraltar
20%
Africa Namibia
13%
No matching quizzes found
Score Distribution
Percent of People with Each Score
Percentile by Number Answered
Your Score History
You have not taken this quiz